Ländernamen die in anderen Sprachen gleich sind - Statistiken

Allgemein
  • Dieses Quiz wurde 160 mal gespielt
  • Das Durchschnittsergebnis liegt bei 10 aus 22
Antwortstatistiken
Hint Antwort % Korrekt
Africa Niger
66%
Oceania Tuvalu
63%
Oceania Nauru
62%
Africa Nigeria
60%
Oceania Samoa
59%
North America Panama
56%
Oceania Tonga
56%
Oceania Vanuatu
56%
Africa Mali
53%
Africa Togo
51%
North America Haiti
50%
Oceania Kiribati
47%
Africa Senegal
43%
North America Honduras
41%
Asia Laos
38%
Africa Angola
37%
Europe Liechtenstein
37%
Asia Nepal
35%
Africa Burundi
29%
Africa Burkina Faso
23%
Africa Liberia
23%
Asia Sri Lanka
20%
Keine übereinstimmenden Quizze gefunden
Verteilung der Resultate
Anzahl Personen mit jedem Resultat
Perzentil nach korrekt beantworteten Fragen
Ihre Resultats-Entwicklung
Sie haben dieses Quiz noch nicht gespielt